00972nam a2200289 i 4500001000300000003000400003005001700007008004100024015001700065020001500082040001400097041001300111080001100124080001100135080001100146100003200157245011000189246004800299260003400347300003500381650002300416700003100439700004700470710002000517700004700537856009800584bgBPK20220530130211.0980702s1995 pl a |000 0 pol  aPB 1996/6015 a839032962X aWA NcBPK1 apolheng a336.76 a338.12 a519.671 aFrost, Alfred J.d(1908- ).10aTeoria fal Elliotta /cA. J. Frost, R. R. Prechter ; przeł. [z ang.] Wojciech Madej i Krzysztof Środa.1 iTyt. oryg.:aElliott wave principle,f1995. aWarszawa :bWIG-Press,c1995. aXVI, 278 s. :bwykr. ;c25 cm. 4aTeoria fal Elliota1 aPrechter, Robert Rougelot.1 aMadej, Wojciechd(1959-2010)eTłumaczenie2 aWIG-Press4pbl.1 aŚroda, Krzysztofd(1959- )eTłumaczenie uhttp://koha.tu.koszalin.pl/cgi-bin/koha/opac-detail.pl?biblionumber=33316yKatalog online BPK